000 00647nam a22002057a 4500
999 _c16573
_d16573
003 AR-CdUCM
008 190225b ||||| |||| 00| 0 spa d
040 _aMUNICIPALIDAD PROVINCIAL DEL CUSCO
_cBIBLIOTECA MUNICIPAL DEL CUSCO
082 _a320.4 /
_bD71
100 _aDickinson, G. Lowes.
_936085
245 _aUn banquete moderno /
260 _bEspasa Calpe Argentina, S.A.,
_c1947.
_a Argentina :
300 _a150 paginas ;
_c19 cm.
440 _aColección Austral.
_9172
505 _aContenido :Un banquete moderno ...
650 _aBiografías.
_9148
650 _aHistorias.
_92725
942 _2ddc
_cLIBROS
945 _arum
_d2019-05-03